[Event "It"]
[Site "Pune IND"]
[Date "2004.09.04"]
[Round "2"]
[White "Sandipan,C"]
[Black "Ganguly,S"]
[Result "1/2-1/2"]
[WhiteElo "2555"]
[BlackElo "2574"]
[EventDate "2004.09.03"]

1. e4 c5 2. Nf3 Nc6 3. d4 cxd4 4. Nxd4 Nf6 5. Nc3 e5 6. Ndb5 d6 7. Bg5 a6
8. Na3 b5 9. Nd5 Be7 10. Bxf6 Bxf6 11. c3 Bg5 12. Nc2 O-O 13. a4 bxa4 14.
Rxa4 a5 15. Bb5 Ne7 16. Ncb4 Bd7 17. Nxe7+ Bxe7 18. Nc6 Qe8 19. Qd5 Be6 20.
Qd3 Bd7 21. Qd5 1/2-1/2

[Event "It"]
[Site "Pune IND"]
[Date "2004.09.06"]
[Round "4"]
[White "Kasimdzhanov,R"]
[Black "Ganguly,S"]
[Result "1-0"]
[WhiteElo "2640"]
[BlackElo "2574"]
[EventDate "2004.09.03"]

1. e4 e5 2. Nf3 Nc6 3. Bc4 Nf6 4. d3 Bc5 5. O-O d6 6. c3 a6 7. Bb3 Ba7 8.
Be3 O-O 9. Nbd2 Re8 10. Bxa7 Rxa7 11. Nc4 Nh5 12. Ne3 Be6 13. Bxe6 Rxe6 14.
d4 exd4 15. Nxd4 Nxd4 16. cxd4 Nf6 17. f3 c6 18. Qd2 Qb6 19. Rac1 a5 20.
Rfd1 a4 21. Kh1 g6 22. d5 Re7 23. Nc4 Qd8 24. Qd4 1-0

[Event "It"]
[Site "Pune IND"]
[Date "2004.09.07"]
[Round "5"]
[White "Ganguly,S"]
[Black "Sutovsky,E"]
[Result "1-0"]
[WhiteElo "2574"]
[BlackElo "2679"]
[EventDate "2004.09.03"]

1. e4 c5 2. Nf3 d6 3. d4 cxd4 4. Nxd4 Nf6 5. Nc3 a6 6. Be2 e5 7. Nb3 Be7 8.
Bg5 Be6 9. Bxf6 Bxf6 10. Qd3 Nc6 11. O-O-O Nd4 12. Nxd4 exd4 13. Nd5 Bxd5
14. exd5 O-O 15. Qf3 d3 16. Bxd3 Be5 17. h4 Rc8 18. c3 f5 19. Bxf5 g6 20.
Be6+ Kg7 21. Qe2 Qb6 22. f3 Rc5 23. Rd3 Rf4 24. Qc2 Rb4 25. b3 Qa5 26. Kb1
Rbb5 27. Rc1 Qd8 28. f4 Bf6 29. h5 a5 30. hxg6 h6 31. g4 a4 32. g5 axb3 33.
gxf6+ Qxf6 34. axb3 Rc4 35. Rd4 Rc7 36. Kb2 Rbc5 37. Qd3 b5 38. Rb4 h5 39.
f5 h4 40. Qd4 h3 1-0